00910cam a2200241 a 4500001000500000005001700005020001800022040005000040050002100090082001100111100002500122245014100147260003700288300004700325490002900372505000800401520014000409521002100549521002000570650003600590650001400626700002800640337520240229145139.0 a9780545569965 aDLCcDLCerdadIG#dBTCTAdMLYdEHHdDLCbeng00aQC955.F77b 201100a551.551 aFradin, Judith Bloom10aTornado! :bthe story behind these twisting, turning, spinning, and spiraling storms /cby Judith Bloom Fradin & Dennis Brindell Fradin. aNew York : bScholastic , c2011 a63 pages : bcolor illustrations ;c26 cm. aNational Geographic Kids0 aZ  aContains first-hand accounts of tornadoes in the United States, explains why and how tornadoes happen, and discusses ways to stay safe. a1120 bLexile  aZ bRaz-Plus  0aTornadoesvJuvenile Literature  1aTornadoes1 aFradin, Dennis Brindell